| 000 | 00967nmb a2200265uu 4500 | ||
|---|---|---|---|
| 001 | 13335 | ||
| 003 | HDC | ||
| 007 | cr aa aaaau | ||
| 008 | 210212p2008 my ||||| |||| 00| 0 eng d | ||
| 022 | _a1511-2780 | ||
| 040 | _aHDC | ||
| 100 |
_aZafarizal Aldrin Azizul Hasan _eauthor _914138 |
||
| 245 | 0 |
_aDoes the palm tocotrienol-rich fraction induce irritant contact dermatitis? / by _cZafarizal Aldrin Azizul Hasan |
|
| 260 |
_aKuala Lumpur : _bMalaysian Palm Oil Board, _c2008 |
||
| 300 | _a1 online resource (8 pages) | ||
| 336 |
_atext _2rdacontent |
||
| 337 |
_acomputer _2rdamedia |
||
| 338 |
_aonline resource _2rdacarrier |
||
| 650 |
_airritant contact dermatitis _914140 |
||
| 650 |
_atocotrienol-rich fraction _914139 |
||
| 856 | _zRequest full-text at [email protected] | ||
| 942 | _2lcc | ||
| 942 | _cAR | ||
| 942 | _kJART 003304 | ||
| 999 |
_c10651 _d10651 |
||